LEADER 01082nam 2200325 n 450 001 996388402303316 005 20200824121303.0 035 $a(CKB)1000000000636973 035 $a(EEBO)2240897146 035 $a(UnM)99856163e 035 $a(UnM)99856163 035 $a(EXLCZ)991000000000636973 100 $a19920923d1638 uy | 101 0 $aeng 135 $aurbn||||a|bb| 200 10$aPub. Ovidii Nasonis De tristibus libri V$b[electronic resource] $eCum annotationibus minime? rejiciendis: ex collatione exemplarium, a? quam plurimis mendis purgati 210 $aCantabrigić $cApud Thom. Buck, & Rog. Daniel, celeberrime Academić typographos$d1638 215 $a[2], 94 p 300 $aIn verse. 300 $aReproduction of the original in the British Library. 330 $aeebo-0018 700 $aOvid$f43 B.C.-17 or 18 A.D.$0154954 801 0$bCu-RivES 801 1$bCu-RivES 801 2$bCStRLIN 801 2$bWaOLN 906 $aBOOK 912 $a996388402303316 996 $aPub. Ovidii Nasonis de tristibus libri. V$92320517 997 $aUNISA LEADER 02521nam0 22004211i 450 001 UON00073899 005 20231205102401.592 100 $a20020107d1993 |0itac50 ba 101 $aita$aARA 102 $aIT 105 $a||||e ||||| 200 1 $aˆar-‰Rafiq$dDizionario italiano-arabo$fFathi Makboul 205 $aEd. aggiornata 210 $a[Italia]$cLibro Italiano$dc1993 215 $a596 p.$d24 cm 316 $aloc. in sala di lettura$5IT-UONSI LESS*/068 316 $aloc. in sala di lettura$5IT-UONSI LESS*/069 316 $aloc. in sala di lettura$5IT-UONSI LESS*/070 316 $aloc. in sala di lettura$5IT-UONSI LESS*/071 510 1$3UON00359261$aDizionario Italiano-arabo 606 $aLingua araba$xDizionari italiani$3UONC018366$2FI 620 $ds.l.$3UONL001369 676 $a492.7351$cLINGUA ARABA - Dizionari italiani$v21 700 1$aMAKBOUL$bFathi$3UONV045175$0658139 712 $aLibro Italiano$3UONV257747$4650 790 1$aMAQBUL, Fathi$zMAKBOUL, Fathi$3UONV066131 801 $aIT$bSOL$c20250502$gRICA 912 $aUON00073899 950 $aSIBA - SISTEMA BIBLIOTECARIO DI ATENEO$dSI CONS ARA II A 011 $eSI 6365 7 011 950 $aSIBA - SISTEMA BIBLIOTECARIO DI ATENEO$dSI * 068 $eSI AA 16383 7 068 loc. in sala di lettura 950 $aSIBA - SISTEMA BIBLIOTECARIO DI ATENEO$dSI * 069 $eSI AA 18105 7 069 loc. in sala di lettura 950 $aSIBA - SISTEMA BIBLIOTECARIO DI ATENEO$dSI * 070 $eSI AA 18106 7 070 loc. in sala di lettura 950 $aSIBA - SISTEMA BIBLIOTECARIO DI ATENEO$dSI * 071 $eSI AA 18107 7 071 loc. in sala di lettura 950 $aSIBA - SISTEMA BIBLIOTECARIO DI ATENEO$dSI * 072 $eSI AA 18108 5 072 950 $aSIBA - SISTEMA BIBLIOTECARIO DI ATENEO$dSI * 073 $eSI AA 18109 5 073 950 $aSIBA - SISTEMA BIBLIOTECARIO DI ATENEO$dSI * 074 $eSI AA 26957 7 074 996 $aRafiq$91159566 997 $aUNIOR